Estatísticas para Os 15 principais países afetados pela Covid-19 - 13 abr 2021

Clique aqui para jogar o quiz

Estatísticas Gerais

  • Esse quiz foi jogado 13 vezes
  • A pontuação média é 19 de 28

Estatísticas das Respostas

país% Correto
Alemanha
100%
Brasil
100%
Estados Unidos
100%
Itália
100%
México
100%
Argentina
90%
Espanha
90%
França
90%
Índia
90%
Portugal
90%
Reino Unido
80%
Rússia
80%
Colômbia
70%
Suécia
70%
Bélgica
60%
Hungria
60%
Irão
60%
Polônia
60%
Chéquia
50%
Sérvia
50%
Turquia
50%
Eslovénia
40%
Israel
40%
Países Baixos
40%
Bahrein
30%
Lituânia
30%
Panamá
30%
Estônia
20%

Distribuição das Pontuações

Percentil de Números Respondidos

Porcentagem de Pessoas com Cada Pontuação

Sua Pontuação Histórica

Você não jogou esse quiz